00930 a2200217 4500003000500000005001700005010001300022020001400035040000900049082001600058100002800074245005200102250001200154260003100166300003500197505028100232650003100513942002500544999001900569952012400588Nust20230705131118.0 a76153649 a136791670 cNust00a516.242,SPA1 a Sparks W.Fred911337410aPlane trigonometry /c Fred W Sparks and paul K a6th ed. aNew York :bWiley,cc1976. axiii, 312 p. :bill. ;c24 cm. aAngular Measure And The Trigonometric Functions (Page-1), Solution Of Right Triangles (Page-34), Fundamental Identities (Page-64), Graphs (Page-99), Logarithms (Page-113), Logarithmic Solution Of Triangles (Page-129), Complex Numbers (Page-191), Polar Coordinates (Page-207). 0aPlane trigonometry.939132 2ddccBKk516.242,SPA c180930d180930 00102ddc4070aMCSbMCScGENd2016-12-12o516.242,SPApMCS7465r2016-12-08w2016-12-12yBKzAlmirah No.82, Shelf No.5